[Event "WEM-KT 2018"]
[Site "Illertissen"]
[Date "2018.09.02"]
[Round "9"]
[White "Gabriel, Josef"]
[Black "Handel, Oliver"]
[Result "1-0"]
[WhiteElo "2124"]
[BlackElo "1839"]
[Annotator "TA"]
[PlyCount "33"]
[EventDate "2018.08.25"]
[EventType "tourn"]
[EventCountry "GER"]
[SourceTitle "playchess.com"]
[Source "ChessBase"]
[SourceQuality "1"]

{[%evp 11,33,16,16,-1,18,23,27,-32,171,170,159,161,159,159,221,64,87,104,93,31,198,187,521,521]} 1. e4 e5 2. Bc4 Nf6 3. d3 Bc5 4. Nf3 Nc6 5. c3 {[%cal Bc2c3,Bc3d4][%mdl 32]} a5 6. O-O {C54: Italienische Partie (Hauptvariante)} d6 {LiveBook: 45 Partien} 7. d4 (7. Re1 O-O 8. h3 h6 9. Nbd2 a4 10. Bb5 Bd7 11. Nf1 Ne7 12. Bxd7 Nxd7 13. d4 Bb6 14. Ng3 {0-1 (29) Anand,V (2760)-Caruana,F (2822) Stavanger 2018}) 7... exd4 8. cxd4 {Die Stellung ist ausgeglichen.} Bb6 9. e5 $146 (9. Bb5 $11 O-O 10. Nc3) ({Vorgänger:} 9. d5 Ne5 10. Nxe5 dxe5 11. Nc3 O-O 12. Bg5 h6 13. Bh4 g5 14. Bg3 {0-1 (30) Pastir,S (2167)-Juhar,R (2185) Slovakia 2014}) 9... Ne4 $2 (9... dxe5 $15 {bleibt weiter vorne.} 10. d5 Nd4) 10. Bd5 $18 f5 11. exf6 Nxf6 {[#]} 12. Re1+ $1 Ne7 (12... Kf8 $16 {war einen Versuch wert.}) 13. Qb3 $2 (13. Bg5 $18) 13... c6 14. Bf7+ {[%cal Bd5f7,Bf7e6,Be6c8][%mdl 32]} Kf8 15. Ng5 (15. Bc4 $16) 15... d5 $2 {[#]} ({Günstiger ist} 15... Bxd4 $14 16. Qf3 h6 17. Ne6+ Bxe6 18. Bxe6 g6) 16. Be6 $1 {[%cal Re6c8] Und weiter mit Lxc8 wäre nett.} Qc7 $2 (16... Bc7 {ist eine bessere Chance.} 17. Nf7 (17. Bxc8 Qxc8 18. Qf3 Ng6 $16) 17... Qe8) 17. Bxc8 {Precision: Weiß = 39%, Schwarz = 29%.} 1-0

[Event "WEM-KT 2018"]
[Site "Illertissen"]
[Date "2018.09.02"]
[Round "9"]
[White "Gustain, Marc"]
[Black "Hermann, Tobias"]
[Result "1/2-1/2"]
[WhiteElo "2102"]
[BlackElo "2002"]
[Annotator "TA"]
[PlyCount "38"]
[EventDate "2018.08.25"]
[EventType "tourn"]
[EventCountry "GER"]
[SourceTitle "playchess.com"]
[Source "ChessBase"]
[SourceQuality "1"]

{[%evp 16,17,0,0]} 1. e4 e5 2. Bc4 Nc6 3. Nf3 Nf6 4. d4 exd4 5. O-O Nxe4 6. Re1 d5 {[#]} 7. Bxd5 $1 {[%mdl 512]} Qxd5 8. Nc3 Qa5 9. Nxe4 {Predecessor:} Be6 $146 10. Bg5 h6 11. Bh4 Bb4 12. c3 dxc3 13. bxc3 Ba3 14. Qb1 O-O 15. Nf6+ gxf6 16. Rxe6 Bb2 17. Rxf6 Qxc3 18. Qf5 Ne7 19. Qg4+ Ng6 {1-0 (32) Savchenko,B (2632)-Karjakin,S (2760) Moscow 2010} 1/2-1/2

[Event "WEM-KT 2018"]
[Site "Illertissen"]
[Date "2018.09.02"]
[Round "9"]
[White "Bildt, Maximilian"]
[Black "Schulz, Volker"]
[Result "1-0"]
[WhiteElo "2073"]
[BlackElo "2169"]
[Annotator "TA"]
[PlyCount "61"]
[EventDate "2018.08.25"]
[EventType "tourn"]
[EventCountry "GER"]
[SourceTitle "playchess.com"]
[Source "ChessBase"]
[SourceQuality "1"]

{[%evp 21,61,-2,27,0,0,9,22,7,12,-30,-32,-27,0,0,0,-8,0,7,11,-22,25,21,79,87,72,101,119,62,121,115,439,421,683,719,1073,856,1866,983,29989,29990,29997,29998]} 1. e4 c5 2. Nf3 e6 3. d4 cxd4 4. Nxd4 Nc6 5. Nc3 a6 6. Be2 Qc7 7. O-O Nf6 8. Kh1 Nxd4 9. Qxd4 Bc5 10. Qd3 O-O {B47: Sicilian: Taimanov: 5 Nc3 Qc7 6 f4, 6 g3 and 6 Be2} (10... b5 11. f4 Bb7 12. Bf3 d5 13. exd5 O-O 14. Be3 Rfd8 15. Bxc5 Qxc5 16. a4 b4 17. Ne4 Nxe4 18. Bxe4 g6 19. c4 bxc3 20. Rac1 Bxd5 21. Bxd5 Rxd5 22. Qxc3 {0-1 (67) Dervishi,E (2552)-Kasimdzhanov,R (2683) Riadh 2017}) 11. f4 d6 {LiveBook: 6 Games} (11... d5 $5) 12. Bf3 Bd7 {[#]The position is equal.} 13. e5 $1 {[%mdl 512]} Ne8 $146 (13... dxe5 14. fxe5) ({Predecessor:} 13... dxe5 14. fxe5 Qxe5 15. Bxb7 Ra7 16. Bf4 Qh5 17. Bxa6 e5 18. Bg3 e4 19. Qe2 Bg4 20. Qb5 Bd7 21. Qe2 Bg4 22. Qb5 Bd7 {½-½ (23) Kaiumov,D-Suetin,A Riga (Latvia) 1975}) 14. Ne4 {aiming for exd6.} d5 15. Ng5 {[%csl Gg5][%cal Rd3h7]} g6 {White must now prevent ...Bb5.} 16. Be2 {Threatens to win with Qh3.} h6 (16... Ng7 {keeps more tension.} 17. a4 h6 18. Nf3 h5 19. Bd2 Nf5) 17. Nf3 Bb5 18. Qd1 Bxe2 19. Qxe2 Ng7 20. c3 Rfd8 21. Be3 Nf5 (21... Bxe3 $11 22. Qxe3 Nf5) 22. Bxc5 $16 Qxc5 {[#]} 23. g4 $1 {[%cal Rg4f5]} Ne7 24. Rad1 (24. Nd4 $16) 24... Rac8 (24... Qc4 $14 25. Nd4 Qxe2 26. Nxe2 Nc6) 25. Nd4 Rd7 $2 {[%mdl 8192]} (25... Nc6 $16 {is a better chance.}) 26. f5 $18 exf5 (26... b5 $142 27. fxe6 fxe6) 27. e6 Rd6 28. gxf5 Nxf5 29. Rxf5 gxf5 30. Rg1+ Kh7 31. Qg2 {Precision: White = 63%, Black = 10%.} 1-0

[Event "WEM-KT 2018"]
[Site "Illertissen"]
[Date "2018.09.02"]
[Round "9"]
[White "Bossinger, Patrick"]
[Black "Namyslo, Holger"]
[Result "0-1"]
[WhiteElo "2039"]
[BlackElo "2275"]
[Annotator "TA"]
[PlyCount "52"]
[EventDate "2018.08.25"]
[EventType "tourn"]
[EventCountry "GER"]
[SourceTitle "playchess.com"]
[Source "ChessBase"]
[SourceQuality "1"]

{[%evp 20,51,-21,-32,-31,-33,-17,-28,-20,-13,0,-212,-216,-841,-846,-841,-842,-853,-852,-834,-810,-29988,-29989,-29989,-29990,-29990,-29991,-29991,-29992,-29992,-29993,-29998,-29999,-29999]} 1. e4 c5 2. Nf3 d6 3. Bb5+ Nd7 4. O-O a6 5. Bxd7+ Bxd7 6. d4 cxd4 7. Qxd4 Nf6 8. c4 {B51: Sicilian: Moscow Variation (3 Bb5+) without 3...Bd7} g6 9. b3 Bg7 10. Bb2 O-O 11. Nc3 {LiveBook: 8 Games} b5 12. cxb5 Bxb5 $146 ({Predecessor:} 12... axb5 13. Rfe1 Qb8 14. h3 Rd8 {0-1 (60) Antonio,V (2435)-Kryvoruchko,Y (2703) Sharjah 2018}) 13. Rfe1 Rc8 14. Rac1 Ng4 15. Qb4 $2 (15. Qa7 $1 $11 {and White is okay.}) 15... Qb6 $19 {[#]} 16. Nd5 $2 (16. Rf1 $1 {[%mdl 512]} Bxc3 (16... Bxf1 17. Qxb6) 17. Bxc3) 16... Qxf2+ 17. Kh1 Bxb2 18. Nxe7+ Kg7 19. Nxc8 Rxc8 20. Rxc8 Bf1 {[%csl Gf2][%cal Rf1g2] Black mates.} 21. Nh4 Qxh4 {[%csl Gg4][%cal Rh4h2]} 22. Qxd6 {[#]} Bxg2+ $1 {[%mdl 512]} 23. Kxg2 {[#]} Qf2+ $1 ({Worse is} 23... Qxe1 24. Qf8+ Kf6 25. Qd8+ Kg7 26. Qf8+ Kf6 27. Qd8+ Kg7 28. Qf8+ $11) 24. Kh3 Qf3+ 25. Qg3 Nf2+ 26. Kh4 Qh5# {Precision: White = 29%, Black = 74%.} 0-1

[Event "WEM-KT 2018"]
[Site "Illertissen"]
[Date "2018.09.02"]
[Round "9"]
[White "Guenther, Stefan"]
[Black "Schelberg, Martin"]
[Result "1-0"]
[WhiteElo "1907"]
[BlackElo "1727"]
[Annotator "NA"]
[PlyCount "91"]
[EventDate "2018.08.25"]
[EventType "tourn"]
[EventCountry "GER"]
[SourceTitle "playchess.com"]
[Source "ChessBase"]
[SourceQuality "1"]
[TimeControl "40/6000+30:3000+30"]

{[%evp 8,84,33,16,39,22,51,37,34,7,43,34,38,50,49,46,68,43,97,112,111,124,32767,107,32767,32767,32767,89,114,32767,32767,27,32,15,40,41,44,41,79,62,93,46,48,54,63,0,9,0,0,-62,-63,-62,-26,-77,-14,-72,0,0,0,0,14,3,0,0,82,0,82,81,117,32767,32767,32767,32767,32767,32767,239,12844,32767,29992]} 1. d4 {[%emt 0:10:30]} Nf6 {[%emt 0:09:51]} 2. c4 {[%emt 0:00:10]} g6 {[%emt 0:00:10]} 3. g3 {[%emt 0:00:09]} Bg7 {[%emt 0:00:36]} 4. Bg2 {[%emt 0:00:07]} O-O {[%emt 0:00:55]} 5. Nc3 {[%emt 0:00:11]} c6 {[%emt 0:00:45]} 6. e4 {[%emt 0:01:40]} d6 {[%emt 0:00:08]} 7. h3 {[%emt 0:01:05] LiveBook: 6 Games E72: Königsindisch (Varianten mit g2-g3 und Sge2)} (7. Nge2 e5 8. O-O Nbd7 9. b3 exd4 10. Nxd4 Re8 11. Be3 Nc5 12. f3 d5 13. Nxc6 bxc6 14. Bxc5 dxc4 15. Qxd8 Rxd8 16. Rfd1 Rxd1+ 17. Rxd1 Nd7 18. Bd4 cxb3 19. axb3 {½-½ (85) Hammer,J (2631)-Arvola,B (2471) Sarpsborg 2018}) 7... e5 {[%emt 0:01:41]} 8. Be3 {[%emt 0:05:15]} a5 $146 {[%emt 0:07:33]} ({Vorgänger:} 8... a6 9. a4 Nbd7 10. Nge2 Nb6 11. b3 Ne8 12. g4 f5 13. gxf5 gxf5 14. exf5 Bxf5 {1-0 (26) Jaunooby,A (2144)-Flynn,D (1978) Hastings 2012}) 9. Nf3 {[%emt 0:01:03]} Na6 {[%emt 0:02:37]} 10. O-O {[%emt 0:02:13]} exd4 {[%emt 0:02:39]} 11. Bxd4 {[%emt 0:02:33]} Be6 {[%emt 0:04:12]} 12. Qe2 {[%emt 0:15:36]} d5 {[%emt 0:12:41]} (12... a4 $14) 13. cxd5 {[%emt 0:19:06]} cxd5 {[%emt 0:02:28]} 14. exd5 {[%emt 0:00:39]} Bxd5 {[%emt 0:19:40]} 15. Nxd5 {[%emt 0:04:04]} Qxd5 {[%emt 0:04:58]} 16. Rfd1 {[%emt 0:01:20]} Qe4 {[%emt 0:08:56]} 17. Qd2 {[%emt 0:12:37]} (17. Qb5 $142) 17... Nb4 {[%emt 0:21:09]} 18. Ne1 {[%emt 0:16:53]} Qe7 {[%emt 0:00:38]} 19. a3 {[%emt 0:01:03]} Nc6 {[%emt 0:00:36]} 20. Bc3 {[%emt 0:01:57]} Rad8 {[%emt 0:02:16]} 21. Qc2 {[%emt 0:00:26]} Rc8 {[%emt 0:02:33]} 22. Qa4 {[%emt 0:00:50]} Qc5 {[%emt 0:02:14]} 23. Nd3 {[%emt 0:01:20]} Qb6 {[%emt 0:00:30]} 24. Bxc6 {[%emt 0:03:35]} Qxc6 {[%emt 0:00:32]} 25. Qxc6 {[%emt 0:00:48]} Rxc6 {[%emt 0:00:30]} 26. Ne5 {[%emt 0:00:46]} Rc5 {[%emt 0:00:58]} 27. Rd3 {[%emt 0:02:04]} Re8 {[%emt 0:00:28]} 28. Nd7 {[%emt 0:02:45]} ({White should try} 28. Re1 $11) 28... Nxd7 {[%emt 0:01:01]} 29. Bxg7 {[%emt 0:00:02]} Kxg7 {[%emt 0:00:30]} 30. Rxd7 {[%emt 0:00:05]} b5 {[%emt 0:00:34]} 31. Rb1 {[%emt 0:00:47]} (31. Rad1 $11) 31... b4 {[%emt 0:00:30]} ({Lieber} 31... Re2 $15 32. b4 axb4 33. Rxb4 Rf5) 32. axb4 {[%emt 0:00:11]} axb4 {[%emt 0:00:07]} 33. Rb7 {[%emt 0:00:22]} Rc4 {[%emt 0:00:44]} 34. b3 {[%emt 0:00:39]} Rd4 {[%emt 0:00:22]} 35. Rc1 {[%emt 0:00:29]} Red8 {[%emt 0:00:41]} (35... Re5 $11 {remains equal.}) 36. Rc4 {[%emt 0:00:52]} (36. Rcc7 $16 Rf8 37. Kg2) 36... Rd1+ {[%emt 0:00:28]} (36... Rxc4 $11 37. bxc4 Rd1+ 38. Kg2 Rb1) 37. Kg2 {[%emt 0:00:12]} Rb1 {[%emt 0:00:39]} 38. Rcxb4 {[%emt 0:00:50]} Rd2 {[%emt 0:00:29]} 39. Rf4 {[%emt 0:00:21]} Kh6 {[%emt 0:00:35]} 40. Rfxf7 {[%emt 0:00:14]} Rbb2 {[%emt 0:00:33]} 41. Rxh7+ $2 {[%emt 0:50:31]} (41. h4 {mates} g5 42. Rf6+ Kh5 43. Kh3 g4+ 44. Kg2 Rxf2+ 45. Rxf2 Rxf2+ 46. Kxf2) 41... Kg5 {[%emt 0:50:21]} 42. Rhf7 {[%emt 0:01:50]} Rd3 {[%emt 0:00:00]} 43. h4+ {[%emt 0:00:00]} Kh5 {[%emt 0:00:00]} 44. Rb4 {[%emt 0:00:00]} Kh6 {[%emt 0:00:00]} 45. g4 {[%emt 0:00:00]} Rd5 {[%emt 0:00:00]} 46. Rb8 {[%emt 0:00:00]} 1-0

[Event "WEM-KT 2018"]
[Site "Illertissen"]
[Date "2018.09.02"]
[Round "9"]
[White "Kohde, Janis"]
[Black "Jakob, Georg"]
[Result "1-0"]
[WhiteElo "1803"]
[BlackElo "2084"]
[Annotator "NA"]
[PlyCount "159"]
[EventDate "2018.08.25"]
[EventType "tourn"]
[EventCountry "GER"]
[SourceTitle "playchess.com"]
[Source "ChessBase"]
[SourceQuality "1"]
[TimeControl "40/6000+30:3000+30"]

{[%evp 8,154,8,29,0,-6,0,-9,-14,-6,0,0,7,19,4,7,7,-6,40,56,100,31,44,46,32767,32767,129,32767,32767,269,246,146,227,32767,351,125,32767,74,32767,131,347,181,32767,32767,32767,32767,168,185,213,204,205,216,214,224,214,228,261,233,235,181,192,177,300,350,323,200,304,32767,32767,32767,79,37,361,32767,32767,32767,657,1280,32767,32767,32767,32767,32767,29987,32767,32767,32767,29978,32767,32767,32767,32767,32767,32767,32767,32767,32767,685,253,32767,32767,32767,32767,32767,32767,32767,32767,796,32767,364,1220,32767,32767,32767,32767,32767,32767,32767,4137,32767,32767,32767,32767,32767,32767,32767,32767,32767,32767,32767,32767,32767,29978,32767,32767,32767,32767,32767,32767,32767,32767,32767,32767,32767,32767,257,29992,29993,29993]} 1. d4 {[%emt 0:09:36]} Nf6 {[%emt 0:09:36]} 2. Bf4 {[%emt 0:00:17]} g6 {[%emt 0:01:27]} 3. Nf3 {[%emt 0:01:29]} Bg7 {[%emt 0:00:07]} 4. e3 {[%emt 0:00:50]} d6 {[%emt 0:00:10]} 5. h3 {[%emt 0:01:10]} O-O {[%emt 0:00:43]} 6. Nbd2 {[%emt 0:00:50]} Nfd7 {[%emt 0:02:49]} 7. Bh2 {[%emt 0:03:26] A48: 1 d4 Nf6 2 Nf3 g6: Torre, London and Colle Systems} e5 {[%emt 0:02:51]} 8. c3 {[%emt 0:01:32]} Nc6 {[%emt 0:01:23]} 9. Be2 {[%emt 0:00:45] LiveBook: 17 Games} Kh8 {[%emt 0:03:11]} (9... f5 10. dxe5 dxe5 11. b4 Qe7 12. O-O g5 13. Qb3+ Kh8 14. b5 {1-0 (61) Kuzubov,Y (2695)-Firouzja,A (2549) Amol 2018}) 10. Qc2 {[%emt 0:13:22]} f5 $146 {[%emt 0:07:46]} ({Predecessor:} 10... a6 11. O-O f5 12. dxe5 dxe5 13. Rfd1 Qe7 14. Nf1 Nf6 {0-1 (42) Abdullah,J-Wrtal,A Bochum 1990}) 11. O-O-O {[%emt 0:04:58]} e4 {[%emt 0:06:42]} 12. Ne1 {[%emt 0:03:51]} Ne7 {[%emt 0:08:01]} 13. g4 {[%emt 0:07:32]} d5 {[%emt 0:04:47]} 14. Bg3 {[%emt 0:12:56]} (14. g5 $16) 14... c5 {[%emt 0:08:17]} 15. Ng2 {[%emt 0:01:37]} a6 {[%emt 0:04:33]} 16. h4 {[%emt 0:06:18]} b5 {[%emt 0:04:49]} (16... fxg4 $11 17. h5 g5) 17. h5 {[%emt 0:03:52]} b4 {[%emt 0:10:02]} 18. Nf4 {[%emt 0:07:46]} bxc3 {[%emt 0:03:15]} 19. bxc3 {[%emt 0:01:48]} ({Much less strong is} 19. Qxc3 $6 cxd4 20. exd4 fxg4) 19... cxd4 {[%emt 0:02:40]} 20. exd4 {[%emt 0:02:21]} Qb6 $2 {[%emt 0:07:46]} (20... g5 $16 {war nötig.} 21. h6 (21. Ne6 Qb6 $16) 21... gxf4 22. hxg7+ Kxg7 23. Bxf4 Kh8) 21. g5 $2 {[%emt 0:03:00]} (21. hxg6 $18 Nxg6 22. Nxd5) 21... Bb7 {[%emt 0:01:13]} 22. Qb2 {[%emt 0:06:32]} Qc6 {[%emt 0:08:16]} 23. Kb1 $2 {[%emt 0:04:26]} (23. hxg6 $18 {and the rest is easy.} Nxg6 24. Nxg6+ Qxg6 25. Qxb7) 23... Nb6 $2 {[%emt 0:02:45]} (23... Rfb8 $16) 24. h6 {[%emt 0:06:01]} (24. Qb4 $142) 24... Bxd4 {[%emt 0:01:09]} 25. cxd4 {[%emt 0:00:02]} Na4 {[%emt 0:00:10]} 26. Rc1 {[%emt 0:01:09]} Nxb2 {[%emt 0:00:30]} 27. Rxc6 {[%emt 0:00:02]} Nxc6 {[%emt 0:00:07]} 28. Kxb2 {[%emt 0:00:08]} Nxd4 {[%emt 0:01:21] [#]} 29. Nxg6+ $1 {[%emt 0:00:26]} hxg6 {[%emt 0:00:10]} 30. Be5+ {[%emt 0:00:09]} Kh7 {[%emt 0:00:00]} 31. Bxd4 {[%emt 0:00:13]} f4 {[%emt 0:01:01]} 32. Rc1 {[%emt 0:01:32]} Rac8 {[%emt 0:01:19]} 33. Rxc8 {[%emt 0:00:24]} Bxc8 {[%emt 0:00:41]} 34. Nb3 {[%emt 0:02:35]} e3 {[%emt 0:03:53] [#]} (34... a5 $16 {war nötig.} 35. Bb5 (35. Nxa5 Rf5 $16) 35... e3) 35. f3 $1 {[%emt 0:01:40]} ({Less strong is} 35. fxe3 f3 $16) 35... Rf7 {[%emt 0:02:40]} 36. Nc5 {[%emt 0:00:59]} a5 {[%emt 0:00:36]} 37. Nd3 {[%emt 0:00:38]} Ba6 {[%emt 0:00:31]} 38. Kc2 {[%emt 0:02:09]} Rc7+ {[%emt 0:01:01]} 39. Kd1 {[%emt 0:00:04]} Bc4 $2 {[%emt 0:00:31]} (39... Bxd3 $14 40. Bxd3 Rb7) 40. Nxf4 {[%emt 0:00:42]} Bxa2 {[%emt 0:00:20]} 41. Bd3 {[%emt 0:21:15]} Bb3+ {[%emt 0:21:58]} 42. Ke2 {[%emt 0:01:43]} Bc2 {[%emt 0:00:33]} 43. Nxd5 {[%emt 0:00:26]} Bxd3+ {[%emt 0:02:09]} 44. Kxd3 {[%emt 0:00:03]} Rf7 {[%emt 0:00:54]} 45. Nf6+ {[%emt 0:02:20]} Kh8 {[%emt 0:00:06]} 46. Kxe3 {[%emt 0:01:24]} a4 {[%emt 0:00:10]} 47. Nd5+ {[%emt 0:05:53]} Kh7 {[%emt 0:00:25]} 48. f4 {[%emt 0:00:56]} a3 {[%emt 0:00:33]} 49. Nb4 {[%emt 0:05:04]} Rb7 {[%emt 0:01:11]} 50. Nc2 {[%emt 0:02:48]} Rb1 {[%emt 0:01:18]} 51. Kd2 {[%emt 0:01:46]} a2 {[%emt 0:00:13]} 52. Na1 {[%emt 0:01:07]} Rf1 {[%emt 0:00:16]} 53. Be5 {[%emt 0:00:26]} Kg8 {[%emt 0:00:42]} 54. Kc2 {[%emt 0:00:19]} Rf2+ {[%emt 0:00:47]} 55. Kb3 {[%emt 0:00:11]} Kh7 {[%emt 0:00:46]} 56. Nc2 {[%emt 0:00:38]} Kg8 {[%emt 0:00:28]} 57. Nb4 {[%emt 0:01:35]} Rxf4 {[%emt 0:00:37]} 58. Nxa2 {[%emt 0:00:52]} Rf5 {[%emt 0:00:36]} 59. Bf6 {[%emt 0:00:41]} Kh7 {[%emt 0:00:28]} 60. Nc3 {[%emt 0:01:34]} Kg8 {[%emt 0:00:43]} 61. Kc4 {[%emt 0:00:33]} Kh7 {[%emt 0:00:27]} 62. Nd5 {[%emt 0:00:14]} Rf1 {[%emt 0:00:28]} 63. Bg7 {[%emt 0:01:25]} Rc1+ {[%emt 0:00:41]} 64. Kb3 {[%emt 0:00:12]} Kg8 {[%emt 0:00:32]} 65. Bf6 {[%emt 0:04:05]} Kh7 {[%emt 0:00:10]} 66. Nc3 {[%emt 0:00:56]} Rf1 {[%emt 0:01:10]} 67. Kc4 {[%emt 0:00:22]} Rf5 {[%emt 0:00:15]} 68. Nd5 {[%emt 0:00:12]} Rf1 {[%emt 0:00:19]} 69. Kc5 {[%emt 0:00:01]} Re1 {[%emt 0:00:24]} 70. Kd6 {[%emt 0:00:10]} Rd1 {[%emt 0:00:46]} 71. Ke6 {[%emt 0:01:20]} Rd2 {[%emt 0:00:25]} 72. Nf4 {[%emt 0:00:58]} Ra2 {[%emt 0:00:32]} 73. Kf7 {[%emt 0:01:03]} Ra7+ {[%emt 0:00:07]} 74. Be7 {[%emt 0:00:38]} Ra6 {[%emt 0:00:04]} 75. Ne6 {[%emt 0:00:17]} Ra7 {[%emt 0:00:23]} 76. Nf8+ {[%emt 0:00:32]} Kh8 {[%emt 0:00:01]} 77. Nxg6+ {[%emt 0:00:18]} Kh7 {[%emt 0:00:01]} 78. Nf8+ {[%emt 0:00:40]} Kh8 {[%emt 0:00:01]} 79. g6 {[%emt 0:00:16]} Ra3 {[%emt 0:00:20]} 80. g7# {[%emt 0:00:08]} 1-0

[Event "WEM-KT 2018"]
[Site "Illertissen"]
[Date "2018.09.02"]
[Round "9"]
[White "Seidler, Ottmar"]
[Black "Engelhart, Achim"]
[Result "0-1"]
[WhiteElo "1706"]
[BlackElo "2126"]
[Annotator "TA"]
[PlyCount "36"]
[EventDate "2018.08.25"]
[EventType "tourn"]
[EventCountry "GER"]
[SourceTitle "playchess.com"]
[Source "ChessBase"]
[SourceQuality "1"]

{[%evp 9,36,-116,-119,-148,-137,-216,-223,-231,-222,-243,-222,-212,-221,-214,-214,-221,-205,-343,-339,-459,-416,-416,-419,-510,-489,-749,-737,-827,-608]} 1. d4 d5 2. c4 dxc4 3. Nc3 a6 4. Qa4+ (4. e3 Nf6 5. Bxc4 e6 6. a4 c5 7. Nf3 Nc6 8. O-O Be7 9. d5 exd5 10. Nxd5 O-O 11. Nxe7+ Qxe7 12. b3 Rd8 13. Qc2 Nb4 14. Qe2 Ne4 15. Bb2 Bg4 16. Rad1 Ng5 17. Rxd8+ Rxd8 18. Rd1 h6 {1-0 (44) Yanchenko,R (2436)-Andreikin,D (2712) chess.com INT 2018}) 4... b5 5. Qd1 Bb7 6. e4 {D20: Angenommenes Damengambit} e6 7. a3 $146 (7. Nf3 $17 {war einen Versuch wert.}) ({Vorgänger:} 7. Nge2 Nf6 8. Ng3 c5 9. Be3 cxd4 10. Bxd4 Nc6 11. Be3 Bb4 {0-1 (49) Flores Linan,J (1898)-Guix Torres,D (2037) Barcelona 2011}) 7... Nf6 $19 {[%cal Bg8f6,Bf6e4,Be4c3,Bc3d1][%mdl 32]} 8. Bg5 {Schwarz steht deutlich besser.} Be7 9. f3 Nxe4 10. Bxe7 Nxc3 11. Bxd8 Nxd1 12. Bxc7 Nxb2 {Und weiter mit ...Sc6 wäre nett.} 13. Kd2 (13. Rb1 $142 c3 14. Rc1) 13... Nc6 14. Kc2 Rc8 15. Bg3 Na4 16. Rd1 O-O {Schwarz steht klar auf Gewinn.} 17. f4 (17. Be1 $142) 17... Rfd8 18. Bf2 Na5 0-1